Wildflowers. Odvaha /

Emotivní New Adult romance o druhých šancích, uzdravování a lásce, která přichází v nejméně vhodnou chvíli. Příběh plný silných emocí, romantického napětí a postav, které si nejde nezamilovat.

Uloženo v:
Série:Wildflowers, část 1
Hlavní autor: Smeltzer, Micalea, 1993- (Autor)
Další autoři: Richter, Martin, 1962- (Autor)
Médium: Kniha
Jazyk:Czech
Vydáno: Brno : Kazda, 2026
Vydání:1. vydání
Témata:
Celkem bylo vypůjčeno:0x
Příbuzné jednotky:Z cyklu:: Wildflowers
Tagy:
Žádné tagy
LEADER 02686nam a2200445 i 4500
001 106715
003 CZ PrNK
005 20260701145101.0
007 ta
008 260623s2026 xr g 000 f cze
015 |a cnb003765744 
020 |a 9788076702899  |q (brožováno) 
040 |a ABG001  |b cze  |e rda 
041 1 |a cze  |h eng 
072 7 |a 821.111(73)-3  |x Americká próza  |2 Konspekt  |9 25 
080 |a 821.111(73)-31  |2 MRF 
080 |a (0:82-312.5)  |2 MRF 
100 1 |a Smeltzer, Micalea,  |d 1993-  |7 xx0346994  |4 aut  |9 117558 
240 1 0 |a Confidence of wildflowers.  |l Česky 
245 1 0 |a Wildflowers.  |p Odvaha /  |c Micalea Smeltzer ; překlad: Martin Richter 
246 3 0 |a Odvaha 
250 |a 1. vydání 
264 1 |a Brno :  |b Kazda,  |c 2026 
300 |a 480 stran ;  |c 20 cm 
336 |a text  |b txt  |2 rdacontent 
337 |a bez média  |b n  |2 rdamedia 
338 |a svazek  |b nc  |2 rdacarrier 
500 |a Přeloženo z angličtiny 
520 2 |a Emotivní New Adult romance o druhých šancích, uzdravování a lásce, která přichází v nejméně vhodnou chvíli. Příběh plný silných emocí, romantického napětí a postav, které si nejde nezamilovat.  |b Salem se snaží znovu postavit svůj život dohromady. Po bolestné ztrátě odjíždí na místo, kde chce alespoň na chvíli uniknout minulosti a najít nový začátek. Když přijme práci chůvy u Thayera Holmese, bere ji hlavně jako způsob, jak zaměstnat hlavu a vydělat si peníze. Thayer je ale přesně ten typ muže, kterému by se měla vyhnout. Je o třináct let starší, uzavřený, tvrdohlavý a kolem sebe si drží bezpečný odstup. Přesto mezi nimi od začátku vzniká napětí, které nejde ignorovat. To, co mělo být jen nevinným hlídáním jeho malého syna, se postupně mění v něco mnohem komplikovanějšího. Večery u filmů. Společné večeře. Dlouhé rozhovory. A chvíle, kdy oba začínají zapomínat, proč by spolu vlastně nikdy neměli být. Jenže minulost nejde jednoduše vymazat. A některé vztahy komplikují nejen pravidla, ale i bolest, kterou si lidé nesou v sobě. Nakladatelská anotace. Kráceno. 
655 7 |a americké romány  |7 fd131796  |2 czenas  |9 53403 
655 7 |a milostné romány  |7 fd132840  |2 czenas  |9 53718 
655 9 |a American fiction  |2 eczenas 
655 9 |a love novels  |2 eczenas 
700 1 |a Richter, Martin,  |d 1962-  |7 xx0218936  |4 trl  |9 117559 
710 2 |a Nakladatelství Kazda  |7 xx0259526  |4 pbl  |9 117285 
787 0 8 |i Z cyklu:  |t Wildflowers  |g 1 
910 |a UOG502 
942 |2 ddc  |c KN 
999 |d 106715 
993 |0 0  |1 421180107443  |2 ddc  |4 0  |7 0  |9 100221  |b 0  |c 107443  |d 2026-07-01  |e 0  |f DOSP  |h 499.00  |i Koupě  |l DOSP  |r 2026-07-02  |t 6  |w 2026-07-01  |y KN  |z BELET  |n